Normal view
MARC view
- Adler, Jon.
Entry Personal Name
001 - CONTROL NUMBER
- control field: 43859
003 - CONTROL NUMBER IDENTIFIER
- control field: OSt
005 - DATE AND TIME OF LATEST TRANSACTION
- control field: 20220203152248.0
008 - FIXED-LENGTH DATA ELEMENTS
- fixed length control field: 220203|| aca||aabn | a|a d
040 ## - CATALOGING SOURCE
- Original cataloging agency: OSt
- Transcribing agency: OSt
100 ## - HEADING--PERSONAL NAME
- Personal name: Adler, Jon.
670 ## - SOURCE DATA FOUND
- Source citation: Work cat.: (OSt): Adler, Jon., Deadly force in D.C:, ©Sept 2013-May 2016.
